000 01125nam a22001817a 4500
008 140924b xxu||||| |||| 00| 0 eng d
020 _a9781405734394
050 _aKD310.H3411
245 _aHalsbury's laws of England : European Communities (parts 12 to 21), vol. 52. /
_cedited by Lord Mackay.
250 _a4th ed.
260 _aLondon :
_bButterworths ,
_c2013.
300 _a1452p. :
_c25cm.
440 _pEuropean Communities (parts 12 to 21)
_vvol. 52
500 _aIncludes index.
505 _aContents: The communities -- The court of justice -- Application of community law in national courts -- External relations -- Economic and monetary policy -- Industrial policy and internal markets -- State aids and regional policy -- Environment and consumers -- Coal and steel -- Energy other than from coal -- Undertakings -- Customs -- Agriculture -- Fisheries -- Freedom of movement for workers -- Rights of establishments and freedom to provide services -- Freedom of movement of capital -- Transport -- Competition -- Taxation -- Social policy -- Glossary -- Index.
700 _aMackay, Lord.
942 _2lcc
_cBK
999 _c5245
_d12745